000 00468nam a2200169 i 4500
001 34887
003 ES-MaACL
005 20230906155020.0
007 t|
008 030211s1929 xr ||||1| eng d
100 1 _aBorovicka, J.
_930539
245 1 0 _aTen years of Czechoslovak politics /
_cJ. Borovicka.
260 _aPraga :
_bOrbis,
_c1929.
300 _a152 p. ;
_c19 cm.
651 4 _aChecoslovaquia-
_xHistoria-
_y1918-1938.
_9158072
852 _aES-MaACL
_jB-6778
999 _c34887
_d34887